00548 2200205 4500001002100000005001500021035002000036007000300056008004100059020001800100082001000118084001600128100002100144245005400165250000900219260003800228300003000266650003300296990001300329INLIS00000000000025520170914022734 a0010-0917000241ta170914 0 ind  a979-9549-05-1 a2x9.7 a2x9.7 MOH m0 aMohamed, Mohaini1 aMatematikawan Muslim Terkemuka /cMohaini Mohamed aEd.1 aJakarta :bSalemba Teknika,c2001 a153 hlm :b.ilus ;c23 cm aIslam - matematika - sejarah a10710158